| 000 | 00730cam a22002651 4500 | ||
|---|---|---|---|
| 001 | 4867 | ||
| 003 | BD-RjUL | ||
| 005 | 20211208233953.0 | ||
| 008 | 131223r19631959enka 001 0 eng | ||
| 035 | _a(BD-RjUL)4902 | ||
| 035 | _a(OCoLC)2658766 | ||
| 040 |
_aDLC _cOYU _dUk _dDLC _dBD-RjUL _beng |
||
| 041 | _aeng | ||
| 082 |
_a339.41 _bSTI 1963 |
||
| 100 | 1 |
_aSturmey, S.G. _915350 |
|
| 245 | 1 | 0 |
_aIncome and economic welfare. _cby S.G. Sturmey. |
| 260 |
_aLondon : _bLongmans, _cc1959 [Reprint 1963]. |
||
| 300 |
_a208 p. : _billus. ; _c23 cm. |
||
| 504 | _aIncludes Index. | ||
| 650 | 0 |
_aIncome. _915351 |
|
| 650 | 0 |
_aCost and standard of living. _99529 |
|
| 942 |
_2ddc _cBK |
||
| 999 |
_c4867 _d4867 |
||